[Event "Panevezys Elite Open 2019"]
[Site "Panevezys"]
[Date "2019.06.25"]
[Round "3.3"]
[White "Stremavicius, Titas"]
[Black "Badelka, Olga"]
[Result "1/2-1/2"]
[WhiteElo "2477"]
[BlackElo "2391"]
[Annotator "TA"]
[PlyCount "99"]
[EventDate "2019.06.24"]
[EventType "swiss"]
[EventCountry "LTU"]
[SourceTitle "playchess.com"]
[Source "ChessBase"]
[SourceQuality "1"]

{[%evp 14,99,7,6,6,6,6,2,6,9,8,0,0,0,18,0,0,0,0,0,0,0,0,0,0,0,0,0,0,0,0,0,12,10,14,11,30,45,73,45,53,52,33,0,0,0,0,0,20,20,20,20,22,22,54,13,13,14,20,19,25,22,54,54,54,54,54,54,54,54,54,62,64,64,64,0,0,0,0,0,0,0,0,0,0,0,0,0]} 1. c4 Nf6 2. Nc3 e6 3. Nf3 d5 4. d4 Bb4 5. Qa4+ Nc6 6. Ne5 Bd7 7. Nxd7 Qxd7 8. e3 O-O {D38: Queen's Gambit Declined: Ragozin Defence (4 Nf3 Bb4)} 9. a3 Bxc3+ 10. bxc3 a6 (10... e5 11. Be2 Rfe8 12. Bb2 dxc4 13. Qxc4 Na5 14. Qb4 b6 15. dxe5 Nc6 16. Qf4 Nxe5 {1-0 (61) Jakovenko,D (2738)-Giri,A (2776) Khanty-Mansiysk 2015}) 11. cxd5 exd5 12. Qc2 Na5 13. Bd3 Nc4 $146 ({Predecessor:} 13... Rfe8 14. O-O c5 15. dxc5 Qc6 16. c4 dxc4 17. Bxc4 Nxc4 18. Qxc4 Ne4 19. Bb2 Qxc5 20. Qe2 Rad8 21. Bd4 Ng3 {½-½ (21) Porreca,G-Minev,N Zagreb 1955}) 14. O-O Rfe8 15. Bxc4 dxc4 16. f3 c5 17. Rd1 cxd4 18. Rxd4 Qc7 19. e4 Nd7 20. Qd1 Rad8 21. Bg5 $36 {[%mdl 2048] White has some pressure.} f6 22. Bf4 Qc8 23. Rd6 {Threatens to win with Qd5+.} Nc5 24. Qd5+ {[%mdl 64] [#] Double Attack} Ne6 25. Rd1 Kh8 26. h4 h6 27. Rd2 b5 28. Qf5 {[#] aiming for Rxd8.} Nxf4 29. Qxf4 Qc5+ 30. R2d4 a5 31. Kh2 Rxd6 32. Qxd6 Qxd6+ 33. Rxd6 $11 {[%mdl 4096] Endgame KR-KR} Rb8 34. h5 b4 35. axb4 axb4 36. cxb4 Rxb4 37. Rc6 Rb5 38. g4 Rb2+ 39. Kg3 Rc2 40. Kf4 c3 41. Kf5 {Intending Kg6 and mate.} Kh7 $1 42. Rc8 Rc1 43. Rc7 Rc2 44. Ke6 ({White should try} 44. Rc6 $14) 44... Rc1 {The position is equal.} 45. f4 Rf1 46. Kf5 Rc1 47. Rc4 Rc2 $1 48. Ke6 Rf2 49. e5 c2 50. exf6 {Accuracy: White = 78%, Black = 72%.} 1/2-1/2

[Event "Panevezys Elite Open 2019"]
[Site "Panevezys"]
[Date "2019.06.25"]
[Round "3.4"]
[White "Stauskas, Lukas"]
[Black "Ulybin, Mikhail"]
[Result "1/2-1/2"]
[WhiteElo "2306"]
[BlackElo "2474"]
[Annotator "TA"]
[PlyCount "45"]
[EventDate "2019.06.24"]
[EventType "swiss"]
[EventCountry "LTU"]
[SourceTitle "playchess.com"]
[Source "ChessBase"]
[SourceQuality "1"]

{[%evp 14,45,33,20,43,34,33,36,44,43,48,48,50,43,50,31,47,-10,0,-16,-10,-30,10,0,0,0,0,0,0,0,0,0,20,22]} 1. d4 e6 2. c4 f5 3. g3 Nf6 4. Bg2 d5 5. Nh3 c6 6. O-O Bd6 7. Nd2 {[%cal Bb1d2,Bd2f3,Bf3e5][%mdl 32]} O-O 8. Qc2 h6 {A90: Dutch Defence: Miscellaneous and Modern Stonewall (with ...Bd6)} 9. Nf4 Bxf4 10. gxf4 Bd7 {White is slightly better.} 11. b3 Kh8 12. Nf3 Be8 13. Ne5 {[#]} Rg8 $146 ({Predecessor:} 13... Nbd7 14. Nd3 Rg8 15. f3 Rc8 16. Be3 g5 {½-½ (16) Sakaev,K (2664)-Ulybin,M (2562) Dubai 2003}) 14. Ba3 a5 15. b4 (15. Qd2 $14) 15... Nbd7 16. Rab1 Nxe5 17. fxe5 Nd7 18. b5 {The position is equal.} Nb6 19. bxc6 Bxc6 20. Be7 Qxe7 21. Rxb6 Rgc8 22. Rfb1 Qg5 {[#] aiming for ...dxc4.} 23. c5 $1 {Accuracy: White = 41%, Black = 63%.} 1/2-1/2

[Event "Panevezys Elite Open 2019"]
[Site "Panevezys"]
[Date "2019.06.25"]
[Round "3.5"]
[White "Harutjunyan, Gevorg"]
[Black "Krykun, Yuriy"]
[Result "1/2-1/2"]
[WhiteElo "2446"]
[BlackElo "2342"]
[Annotator "TA"]
[PlyCount "68"]
[EventDate "2019.06.24"]
[EventType "swiss"]
[EventCountry "LTU"]
[SourceTitle "playchess.com"]
[Source "ChessBase"]
[SourceQuality "1"]

{[%evp 13,68,18,20,15,24,15,20,0,12,0,0,0,0,10,0,-26,0,-116,-6,-4,-15,-9,29,25,61,56,38,66,93,95,145,146,202,159,150,145,153,133,179,164,161,187,182,158,139,86,204,191,185,173,198,203,194,174,172,124,227]} 1. e4 e5 2. Bc4 Nf6 3. d3 Bc5 4. Nf3 Nc6 5. c3 a6 6. a4 d6 7. O-O h6 8. Nbd2 {C54: Giuoco Piano: 4 c3 Nf6, main lines with 5 d4 and 5 d3} O-O 9. h3 (9. Re1 Re8 10. Nf1 Ba7 11. Ng3 Be6 12. Bxe6 Rxe6 13. b4 d5 14. Qb3 Qd7 15. h3 Rd8 {0-1 (76) Yu,Y (2751)-Harikrishna,P (2723) Shenzhen 2019}) 9... Ba7 10. b4 {The position is equal.} Ne7 11. Bb3 $146 ({Predecessor:} 11. Re1 Ng6 12. Nf1 d5 13. exd5 Nxd5 14. Nxe5 Nxe5 15. Rxe5 Nxc3 {0-1 (34) Kaasen,T (2399)-Sanal,V (2539) Riga 2017}) 11... Ng6 12. d4 c6 13. Re1 Re8 14. Bb2 Be6 15. c4 {[#]} (15. Bxe6 $11 Rxe6 16. Qc2) 15... exd4 (15... Nf4 $1 $17 16. Re3 exd4 17. Nxd4 Bd7) 16. Nxd4 $11 a5 17. b5 Bxd4 18. Bxd4 cxb5 19. cxb5 Bxb3 20. Qxb3 Nh5 21. g3 Qd7 22. Kg2 Re6 (22... Rac8 $16 23. Rad1 Qc7) 23. Re3 Rae8 24. f4 $36 {[%mdl 2048] White is in control.} Ngxf4+ 25. gxf4 Rg6+ 26. Kh1 {And now f5 would win.} Nxf4 27. Rf1 Ne6 28. Qd3 d5 29. e5 ({White should try} 29. exd5 Qxd5+ 30. Qe4) 29... Rc8 {[#]} (29... Rg5 $16) 30. Ref3 $1 $18 {[%cal Rf3f7]} Ng5 31. Rf5 ({And not} 31. Rxf7 Nxf7 32. Qxg6 Qxh3+ 33. Kg1 Ng5 $11) 31... Ne4 32. Nxe4 dxe4 33. Qe3 ({Don't take} 33. Qxe4 $6 Rc4 $14) 33... Rc4 34. Bc3 Qd5 {Accuracy: White = 53%, Black = 42%.} (34... Qd3 $16 {might work better.} 35. Qxd3 exd3) 1/2-1/2

[Event "Panevezys Elite Open 2019"]
[Site "Panevezys"]
[Date "2019.06.25"]
[Round "3.6"]
[White "Gleizerov, Evgeny"]
[Black "Semjonovs, Ilja"]
[Result "1/2-1/2"]
[WhiteElo "2495"]
[BlackElo "2383"]
[Annotator "TA"]
[PlyCount "63"]
[EventDate "2019.06.24"]
[EventType "swiss"]
[EventCountry "LTU"]
[SourceTitle "playchess.com"]
[Source "ChessBase"]
[SourceQuality "1"]

{[%evp 14,63,17,2,14,10,3,0,21,14,22,0,0,0,22,14,5,7,7,-37,2,12,11,7,13,0,13,13,12,12,18,18,16,0,16,0,0,0,0,-5,0,0,0,0,0,0,0,0,0,0,2,0]} 1. d4 Nf6 2. c4 g6 3. Nc3 d5 4. cxd5 Nxd5 5. Bd2 Bg7 6. e4 Nb6 7. Be3 O-O 8. h3 e5 {D85: Exchange Grünfeld: Unusual White 7th moves and lines with 7 Nf3} 9. dxe5 Bxe5 10. Qc2 Nc6 11. Nf3 Bg7 12. Bc5 (12. Be2 Nb4 13. Qb1 Qe7 14. O-O Be6 15. a3 Nc6 16. Qc2 {0-1 (51) Indjic,A (2620)-Artemiev,V (2709) St Petersburg 2018}) 12... Re8 13. Rd1 Qf6 14. Be2 Be6 15. O-O {[#]} a6 $146 ({Predecessor:} 15... Rad8 16. Nb5 Bxa2 17. Ba3 Qe6 18. Nxc7 Qb3 19. Qc1 Rxe4 20. Rxd8+ Nxd8 21. Nd2 {1-0 (21) Kunin,V (2561)-Flumbort,A (2572) Wunsiedel 2011}) 16. Nd4 Nxd4 (16... Bxh3 $5 {[%cal Rf6g5]} 17. Qc1 Bd7 $15) 17. Bxd4 {The position is equal.} Qe7 18. Bxg7 Kxg7 19. f4 f6 20. Bf3 Rad8 21. Qf2 Rxd1 22. Rxd1 Rd8 23. Re1 Nc4 24. b3 {[#] Nd5 is the strong threat.} Qb4 25. Rc1 Nd2 26. Bg4 (26. Be2 {feels hotter.} Nxe4 27. Nxe4 Qxe4 28. Rxc7+ Rd7 29. Rxd7+ Bxd7 30. Bf3) 26... Bxg4 27. hxg4 {And now Nd5 would win.} Nxe4 28. Nxe4 Qxe4 29. Rxc7+ $11 {KQR-KQR} Kg8 30. Qf3 Qxf3 31. gxf3 Rd2 32. Rxb7 {Accuracy: White = 52%, Black = 78%.} 1/2-1/2

[Event "Panevezys Elite Open 2019"]
[Site "Panevezys"]
[Date "2019.06.25"]
[Round "3.7"]
[White "Sliwicka, Alicja"]
[Black "Sulskis, Sarunas"]
[Result "1/2-1/2"]
[WhiteElo "2261"]
[BlackElo "2528"]
[Annotator "TA"]
[PlyCount "76"]
[EventDate "2019.06.24"]
[EventType "swiss"]
[EventCountry "LTU"]
[SourceTitle "playchess.com"]
[Source "ChessBase"]
[SourceQuality "1"]

{[%evp 23,76,13,30,33,32,24,32,12,25,14,20,0,0,0,0,-33,-26,-32,-20,-31,0,0,0,0,0,0,0,0,0,0,0,0,0,0,0,0,0,0,0,0,0,0,0,0,0,0,0,0,0,0,0,0,0,0,0]} 1. e4 Nc6 2. d4 e5 3. Nf3 exd4 4. Nxd4 Nf6 5. Nc3 Bb4 6. Nxc6 bxc6 7. Bd3 d5 8. exd5 O-O 9. O-O cxd5 10. Bg5 Bxc3 11. bxc3 h6 12. Bh4 Qd6 13. Re1 {C47: Scotch Four Knights and Four Knights with 4 g3} (13. Bg3 Qc6 14. Qf3 Ne4 {½-½ (14) Mustaps,M (2302)-Kretainis,K (2246) Riga 2017}) 13... Bg4 14. Qd2 Rfe8 15. Rxe8+ {White is slightly better.} (15. f3 {seems wilder.} Bd7 16. Bg3 Qc6 17. h3 Rxe1+ 18. Rxe1 Rc8 19. Bf2) 15... Rxe8 16. Re1 $146 ({Predecessor:} 16. h3 Bd7 17. Rb1 Ne4 18. Bxe4 Rxe4 19. Bg3 Qc6 20. Rb8+ Kh7 21. f3 Re8 22. Rxe8 Bxe8 23. Qd4 Qb6 24. Kh2 Qxd4 25. cxd4 {½-½ (25) Visschedijk,M-Erwich,F Vlissingen 1998}) 16... c5 17. Bxf6 Rxe1+ 18. Qxe1 {[#] Threatens to win with Qe8+.} gxf6 19. h3 Be6 20. Qe3 Kg7 21. f4 d4 (21... c4 {feels hotter.} 22. Qg3+ Kf8 23. Bh7 a5 24. Kh2 Bd7) 22. cxd4 {The position is equal.} Qxd4 23. Qxd4 cxd4 $11 {[%mdl 4096] Endgame KB-KB} 24. a3 f5 25. Kf2 Kf6 26. Ke2 Ke7 27. Kd2 Kd6 28. g3 Kc5 29. Kc1 f6 30. Kb2 Bd7 31. Kb3 Be6+ 32. Kb2 Bc8 33. Kb3 Bd7 34. Kb2 Be6 35. Kc1 Bc8 36. Kb2 a5 37. Kc1 Bd7 38. Kb2 Be6 {Accuracy: White = 54%, Black = 79%.} 1/2-1/2

[Event "Panevezys Elite Open 2019"]
[Site "Panevezys"]
[Date "2019.06.25"]
[Round "3.8"]
[White "Kubicka, Anna"]
[Black "Rudzinska, Michalina"]
[Result "1/2-1/2"]
[WhiteElo "2162"]
[BlackElo "2143"]
[Annotator "TA"]
[PlyCount "187"]
[EventDate "2019.06.24"]
[EventType "swiss"]
[EventCountry "LTU"]
[SourceTitle "playchess.com"]
[Source "ChessBase"]
[SourceQuality "1"]

{[%evp 18,187,39,51,75,45,42,37,46,47,55,25,44,9,10,13,81,46,49,28,43,25,168,186,215,220,197,140,231,198,407,404,430,443,638,623,619,601,622,512,489,475,522,499,482,225,220,221,226,226,218,195,195,195,197,162,169,169,162,101,111,62,77,20,26,18,39,18,18,0,38,23,34,78,46,40,97,102,108,116,98,8,8,8,8,8,8,8,111,113,154,8,8,8,8,8,200,200,201,202,202,209,200,200,238,238,238,238,238,238,238,238,238,238,238,238,238,238,238,238,238,0,240,0,240,240,240,240,240,240,240,8,8,8,8,8,8,8,8,8,8,8,8,8,8,8,8,8,8,8,8,8,8,8,8,8,8,8,8,8,8,8,8,8,8,8,8,8,8,8,8,8]} 1. e4 c5 2. Nf3 e6 3. d4 cxd4 4. Nxd4 a6 5. Bd3 Nc6 6. Nxc6 dxc6 7. O-O e5 8. Nd2 Nf6 9. Nc4 Qc7 10. Be3 Be7 {B42: Sicilian: Kan Variation: 5 Bd3} (10... Be6 11. Bb6 Qb8 12. a4 Be7 13. f3 O-O 14. Bf2 Qc7 15. a5 Bxc4 16. Bxc4 Bb4 17. Bb6 Qe7 18. Qe2 {½-½ (33) Guliyev,N (2522)-Miezis,N (2577) Hilversum 2012}) 11. a4 Be6 $146 ({Predecessor:} 11... Bg4 12. Qe1 Be6 13. Bb6 Qb8 14. Qa5 Bxc4 15. Bxc4 {½-½ (35) Schaefer,M-Bade,H Germany 1987}) 12. Qe2 O-O {White is slightly better.} 13. a5 Nd7 14. c3 Rad8 15. b4 c5 16. Rab1 Nb8 (16... Nf6 $11) 17. Rfc1 Nc6 {[%cal Rc5b4]} 18. Nb6 cxb4 19. cxb4 Qb8 {[#]} (19... Qd6 $11 20. Bc4 Bxc4 21. Qxc4 Nxb4) 20. Bxa6 $1 $18 {[%mdl 512]} Nxb4 (20... bxa6 21. Rxc6) 21. Bc4 Qd6 22. Bb5 ({White should play} 22. h3 $18) 22... Qb8 (22... Na2 $16 {was necessary.}) 23. h3 f5 $2 (23... Kh8 24. Bc4 h6 25. Bxe6 fxe6) 24. exf5 Rxf5 25. Bc4 Bf7 (25... Bxc4 $142 26. Qxc4+ {[%mdl 64] Double Attack} Rf7 27. Rxb4 Bxb4) 26. Qg4 g6 27. Bxf7+ Rxf7 28. Rxb4 Bxb4 29. Qxb4 Rc7 30. Rxc7 Qxc7 31. Qc4+ (31. Na4 $142) 31... Qxc4 32. Nxc4 Rd5 33. Bb6 Kf7 34. Kf1 Ke6 35. Ke2 Rb5 36. Kf3 Rb4 37. Ne3 Ra4 38. g4 (38. Nf1 $18) 38... h6 $16 39. h4 h5 40. gxh5 (40. Kg3 $16) 40... gxh5 $11 41. Kg3 Rb4 42. Kh3 Rb3 43. Kg3 Rb4 44. f3 Ra4 45. Nd1 Ra3 46. Nf2 Rb3 (46... Ra1 $14) 47. Ne4 $16 {[#] aiming for Nc5+.} Ra3 48. Nc5+ Kd5 49. Nxb7 (49. Kg2 $16) 49... e4 $11 50. Nc5 Rxf3+ 51. Kg2 Ra3 52. Nd7 Kc4 (52... Ra2+ $11 {keeps the balance.} 53. Kg3 Ra3+ 54. Kf2 Rh3) 53. Nf6 $16 Kd3 54. Nxh5 (54. Nd5 $16) 54... e3 $1 $11 55. Ng3 {Threatens to win with Kf3.} e2 56. Kf2 Ra1 $2 (56... Ra4 $11) 57. Nxe2 $18 Ra2 58. Kf3 {White wants to mate with Nc1+.} Rxe2 {[%mdl 4096] Endgame KR-KB} 59. a6 {[%cal Ba5a6,Ba6a7][%mdl 32] Hoping for a7.} Re8 60. a7 {Black must now prevent Bc7.} Ra8 61. h5 Kc4 62. h6 Kb5 63. Bd4 Ka6 64. h7 Kb7 {intending ...Rd8.} 65. Kg4 Rd8 66. Kg5 Ka8 67. Kg6 Rc8 68. Kf5 Re8 69. Kg5 Rd8 70. Kg6 Rc8 71. Kh6 Re8 72. Kh5 Rd8 73. Kg5 Rc8 74. Kf4 $2 (74. Be3 $18) 74... Rf8+ $11 {The position is equal.} 75. Ke4 Rd8 76. Bf6 (76. Kf3 {feels hotter.} Rf8+ 77. Kg4 Rc8 78. Kh3 Re8 79. Kh4) 76... Re8+ 77. Kd5 {Bd4 is the strong threat.} Kxa7 78. Kd6 Rb8 79. Bd4+ Ka6 80. Bg7 Re8 81. Kd7 Rb8 82. Be5 (82. Ke6 {keeps more tension.} Kb5 83. Kf6 Kc6 84. Ke5 Ra8 85. Ke6) 82... Rf8 83. Ke7 (83. Kd6 {with more complications.} Kb5 84. Bg7 Ra8 85. Bf6 Rf8 86. Kd5) 83... Ra8 84. Ke6 (84. Kd6 {seems wilder.} Kb5 85. Bf6 Rf8 86. Kd5 Ra8 87. Ke4) 84... Kb6 85. Bg7 Kc6 86. Kf7 Rb8 87. Ke7 Rb7+ 88. Kf6 Rb8 89. Kf7 Ra8 90. Bd4 Rb8 91. Bf6 Ra8 92. Be7 Rh8 93. Kg7 Rxh7+ 94. Kxh7 {Accuracy: White = 57%, Black = 69%.} 1/2-1/2

[Event "Panevezys Elite Open 2019"]
[Site "Panevezys"]
[Date "2019.06.25"]
[Round "3.9"]
[White "Sinitsina, Anastassia"]
[Black "Juksta, Karolis"]
[Result "1/2-1/2"]
[WhiteElo "2095"]
[BlackElo "2261"]
[Annotator "TA"]
[PlyCount "84"]
[EventDate "2019.06.24"]
[EventType "swiss"]
[EventCountry "LTU"]
[SourceTitle "playchess.com"]
[Source "ChessBase"]
[SourceQuality "1"]

{[%evp 10,84,22,22,27,10,20,-10,-2,-12,-8,-10,0,-8,-6,-47,-15,-27,0,-54,-12,-40,13,9,13,-72,0,0,0,0,0,0,0,0,0,0,0,0,0,0,5,5,32,10,5,0,4,1,48,45,44,50,133,130,120,129,125,120,117,57,85,67,105,56,87,73,90,85,51,14,15,25,30,0,35,0,40]} 1. Nf3 d5 2. g3 Nf6 3. Bg2 Bf5 4. c4 c6 5. Qb3 Qb6 6. d3 e6 {A11: English Opening: 1...c6} 7. O-O (7. Be3 Qxb3 8. axb3 a6 9. Bd2 Nbd7 10. Bc3 Be7 11. Nbd2 c5 12. Ne5 d4 13. Nxd7 Nxd7 14. Ba5 {1-0 (45) Giri,A (2783)-Aronian,L (2765) St Petersburg 2018}) 7... Nbd7 8. Nbd2 h6 9. Qxb6 axb6 10. b3 $146 ({Predecessor:} 10. cxd5 exd5 11. Nd4 Bg6 12. e4 Nc5 {0-1 (12) Rangel Garcia,J-Rodriguez Abreu,E Cuba 1999}) 10... Be7 11. Bb2 O-O 12. Nb1 Ra5 13. Nc3 Rfa8 14. a4 (14. cxd5 $11 exd5 15. a4) 14... R5a7 15. Ba3 Kf8 ({Better is} 15... Nc5 $15) 16. Bxe7+ Kxe7 17. b4 (17. Nd4 $11 {keeps the balance.}) 17... c5 (17... Bg4 $17 18. e3 Bf5) 18. bxc5 $11 bxc5 19. Nh4 d4 20. Nxf5+ exf5 21. Nd5+ Nxd5 22. Bxd5 Rxa4 23. Rxa4 Rxa4 24. Bxb7 {[%mdl 4096] Endgame KRB-KRN} Ra2 25. Re1 Rb2 26. Bd5 Nf6 27. Bf3 g5 28. Kf1 Rb3 29. Ra1 g4 30. Bc6 Rb6 (30... f4 $14) 31. Ra7+ $16 Kf8 32. Bb5 Re6 33. Rc7 Re5 34. Ke1 ({White should try} 34. Bc6 $16) 34... h5 35. Kd2 Kg7 36. e3 Nh7 37. Bc6 Ng5 38. Bd5 Nf3+ 39. Bxf3 (39. Ke2 $5 {[%cal Rd5f3]} Nxh2 40. Rxf7+ (40. Rxc5 h4 $11) 40... Kg6 41. Rf8 $16) 39... gxf3 40. Rd7 Kf6 41. h4 Re6 42. Rd8 Re5 {Accuracy: White = 43%, Black = 35%.} (42... f4 $5 43. gxf4 Kf5 $11) 1/2-1/2

[Event "Panevezys Elite Open 2019"]
[Site "Panevezys"]
[Date "2019.06.25"]
[Round "3.10"]
[White "Kaunas, Kestutis"]
[Black "Cholleti Sahajasri"]
[Result "0-1"]
[WhiteElo "2151"]
[BlackElo "2207"]
[Annotator "TA"]
[PlyCount "87"]
[EventDate "2019.06.24"]
[EventType "swiss"]
[EventCountry "LTU"]
[SourceTitle "playchess.com"]
[Source "ChessBase"]
[SourceQuality "1"]

{[%evp 14,87,27,13,19,-10,0,0,-22,-98,0,0,0,0,0,0,0,0,0,0,9,-31,68,10,95,83,102,15,42,-10,-24,-33,0,0,19,-20,33,31,38,27,38,25,39,0,24,10,0,-136,95,-378,-381,-375,-365,-413,-395,-449,-234,-398,-384,-429,-415,-641,-627,-637,-633,-628,-621,-652,-644,-636,-585,-704,-714,-667,-533,-29994]} 1. d4 Nf6 2. c4 e6 3. Nf3 d5 4. Nc3 Bb4 5. cxd5 exd5 6. Bg5 h6 7. Bh4 c5 8. e3 c4 {D38: Queen's Gambit Declined: Ragozin Defence (4 Nf3 Bb4)} 9. Qa4+ (9. Be2 Nc6 10. O-O g5 11. Bg3 O-O 12. Ne5 Bxc3 13. bxc3 Ne4 14. Bf3 Nxg3 15. hxg3 Bf5 16. Bg4 {½-½ (75) Leko,P (2712)-Hou,Y (2653) Danzhou 2016}) 9... Nc6 10. Ne5 $1 Qb6 {The position is equal.} 11. Bxf6 $146 (11. Nxc6 $11 {remains equal.} bxc6 12. Bxf6 gxf6 13. Be2) ({Predecessor:} 11. Rc1 Ne4 12. f3 Nxc3 13. bxc3 Bd6 14. Bg3 Bxe5 15. Bxe5 Bd7 16. Qd1 Nxe5 {0-1 (34) Arabidze,M (2337)-Kosintseva,N (2535) Gaziantep 2012}) 11... gxf6 ({Black should play} 11... Bxc3+ $1 $17 12. bxc3 Qb2) 12. Nxc6 $11 bxc6 13. Be2 Bf5 14. O-O {Threatens to win with Nxd5.} O-O 15. Bf3 Bd3 16. Rfd1 Rab8 17. Rac1 Bd6 {[#]} (17... Bxc3 $15 18. bxc3 Qc7) 18. Rd2 (18. b3 $1 $14 {[%mdl 512]}) 18... Rb7 (18... Bg6 $11) 19. g3 Rfb8 {[#]} 20. Be2 ({White should try} 20. b3 $1 $16 {[%mdl 512]}) 20... Bg6 {[#]} 21. e4 (21. b3 $1 $14 {[%mdl 512]}) 21... dxe4 22. Qxc4 Qc7 23. Nd1 {[%cal Bc3d1,Bd1e3,Be3d5][%mdl 32]} Qe7 24. Bf1 h5 (24... f5 $11) 25. Ne3 $14 h4 26. Qxc6 hxg3 27. hxg3 {And now Ba6 would win.} f5 28. Nd5 Qd8 $1 29. b3 {Black should prevent Ba6.} Kg7 30. Ba6 {[#]} (30. Rdc2 $11 {keeps the balance.}) 30... Rd7 $2 (30... Rb6 $1 $17 {[%cal Rb6c6] stays on course.} 31. Nxb6 Rxb6) 31. Bb5 $2 {[%mdl 8192] [#]} (31. Bc8 $16 {is necessary to keep the advantage.} Ba3 32. Bxd7 Bxc1 33. Rc2 (33. Qxc1 Qxd7 34. Nf4 Rc8 $18)) 31... Rxb5 $1 $19 32. Qxb5 {Strongly threatening Ne3.} Ba3 $1 {[%csl LRc1,LRd5][%mdl 64] Discovered Attack} 33. Rc6 {aiming for Ne3.} Rxd5 {[%mdl 64] Double Attack} 34. Qc4 {and the idea b4 leaves White hopeful.} Be7 (34... Bh5 $142 35. Rc8 Qa5) 35. Rc8 $2 (35. Rc7 Rd7 36. Rxd7 Qxd7 37. Qa4) 35... Qa5 36. Re2 Rd7 37. a4 (37. Kg2 $142 Bh5 38. Re3) 37... Bh5 {Black is clearly winning.} 38. Re3 Qd2 39. Qc3 Qxc3 40. Rexc3 Rxd4 41. Rc1 Bg5 42. Re1 Bd2 43. Rb1 Bf3 {( -> ...Rd6)} 44. Kf1 {Accuracy: White = 25%, Black = 48%.} 0-1

[Event "Panevezys Elite Open 2019"]
[Site "Panevezys"]
[Date "2019.06.25"]
[Round "3.11"]
[White "Zhukov, Anton"]
[Black "Juknis, Paulius"]
[Result "1/2-1/2"]
[WhiteElo "2178"]
[BlackElo "2169"]
[Annotator "TA"]
[PlyCount "88"]
[EventDate "2019.06.24"]
[EventType "swiss"]
[EventCountry "LTU"]
[SourceTitle "playchess.com"]
[Source "ChessBase"]
[SourceQuality "1"]

{[%evp 16,88,27,20,19,23,22,27,37,17,16,22,27,27,27,12,38,30,26,15,12,17,15,17,5,0,8,10,6,2,18,9,19,7,54,15,14,12,17,0,0,0,22,0,0,0,0,0,0,0,0,-16,-12,-67,-70,-100,-48,-62,-46,-137,-131,-200,-199,-173,-145,-143,-56,-77,-87,-49,-45,-83,0,-1758,-57]} 1. d4 f5 2. c4 Nf6 3. Nf3 g6 4. g3 Bg7 5. Bg2 O-O 6. O-O d6 7. Nc3 Qe8 8. d5 Na6 9. Nd4 Nc5 {A87: Dutch Defence: Leningrad System: 5 Nf3} 10. Qc2 (10. b3 Bd7 11. Bb2 c6 12. Rb1 a5 13. Ba3 Nfe4 14. Nxe4 Nxe4 15. Bb2 cxd5 16. cxd5 a4 17. Ne6 Bxb2 18. Rxb2 Bxe6 19. dxe6 {½-½ (43) Svidler,P (2769)-Nakamura,H (2775) Stavanger 2013}) 10... e5 11. dxe6 Bxe6 $146 {White has an edge.} ({Predecessor:} 11... c6 12. Rd1 Nxe6 13. Nxe6 Qxe6 14. b3 Re8 15. Ba3 Rd8 16. Rac1 Ne8 17. Rd3 {1-0 (32) Lenaerts,L (2146)-Gehlhar,M (1838) Goch 2013}) 12. Nxe6 Qxe6 13. Nd5 Qf7 14. Nxf6+ Qxf6 15. Rb1 Rae8 16. Be3 Ne4 17. Rfd1 b6 18. Rd3 a5 19. a3 g5 20. b4 axb4 21. axb4 f4 22. Bd4 Qe7 23. Bxg7 Kxg7 24. Qb2+ Qf6 25. Qxf6+ Nxf6 26. Rb2 Ng4 27. Rd5 Re5 28. Rd4 Nh6 29. gxf4 Rxf4 30. Rxf4 gxf4 $11 {[%mdl 4096] Endgame KRB-KRN} 31. Kf1 Nf5 32. Rd2 Kf6 33. Rd3 b5 34. Rc3 (34. Bd5 $11) 34... c5 $1 $15 35. Bd5 bxc4 ({Much worse is} 35... cxb4 $6 36. Rb3 $11) (35... h6 $17) 36. Bxc4 d5 $1 37. Bd3 ({Better is} 37. Ba6 $1 $15) 37... c4 $17 ({Reject} 37... cxb4 $6 38. Rb3 $11) 38. Bxf5 (38. Bxc4 $17 dxc4 39. Rxc4) 38... Kxf5 {KR-KR} ({Much less strong is} 38... Rxf5 39. Ke1 $15) 39. Ke1 Re6 40. Rh3 {[#]} Rb6 (40... h6 $1 $17 41. Rh5+ Ke4) 41. Rxh7 $15 Rxb4 42. Re7 c3 {[%cal Rb4b1]} 43. Kd1 {[#]} d4 (43... f3 $1 $17 44. Rf7+ Ke6 45. Rxf3 d4) 44. h4 $2 {[%mdl 8192]} (44. f3 $11) 44... Rb1+ {Accuracy: White = 58%, Black = 53%.} 1/2-1/2

[Event "Panevezys Elite Open 2019"]
[Site "Panevezys"]
[Date "2019.06.25"]
[Round "3.12"]
[White "Harshita Guddanti"]
[Black "Kalinowska, Zuzanna"]
[Result "1/2-1/2"]
[WhiteElo "2072"]
[BlackElo "2093"]
[Annotator "NA RC"]
[PlyCount "47"]
[EventDate "2019.06.24"]
[EventType "swiss"]
[EventCountry "LTU"]
[SourceTitle "playchess.com"]
[Source "ChessBase"]
[SourceQuality "1"]
[TimeControl "40/5400+30:1800+30"]

1. e4 {[%emt 0:00:00]} e6 {[%emt 0:00:00]} 2. d4 {[%emt 0:00:14]} d5 {[%emt 0:00:00]} 3. Nc3 {[%emt 0:00:06]} Bb4 {[%emt 0:00:00]} 4. e5 {[%emt 0:00:18]} c5 {[%emt 0:00:00]} 5. a3 {[%emt 0:00:05]} Bxc3+ {[%emt 0:00:04]} 6. bxc3 {[%emt 0:00:05]} Ne7 {[%emt 0:00:10]} 7. Qg4 {[%emt 0:01:08]} O-O {[%emt 0:00:26]} 8. Bd3 {[%emt 0:00:33]} f5 {[%emt 0:00:17]} 9. exf6 {[%emt 0:00:05]} Rxf6 {[%emt 0:00:07]} 10. Bg5 {[%emt 0:00:07]} Nd7 {[%emt 0:00:07]} 11. Qh4 {[%emt 0:14:15]} h6 {[%emt 0:01:17]} 12. Bxf6 {[%emt 0:01:01]} Nxf6 {[%emt 0:00:09]} 13. dxc5 {[%emt 0:05:08]} e5 {[%emt 0:02:12]} 14. f3 {[%emt 0:04:21]} e4 {[%emt 0:04:42]} 15. fxe4 {[%emt 0:01:40]} dxe4 {[%emt 0:00:09]} 16. Bc4+ {[%emt 0:02:24]} Kh7 {[%emt 0:02:09]} 17. Nh3 {[%emt 0:06:13]} Qa5 {[%emt 0:03:36]} 18. Ng5+ {[%emt 0:03:41]} Kh8 {[%emt 0:00:35]} 19. Nf7+ {[%emt 0:00:50]} Kh7 {[%emt 0:00:23]} 20. Ng5+ {[%emt 0:00:59]} Kh8 {[%emt 0:00:08]} 21. Nf7+ {[%emt 0:00:20]} Kh7 {[%emt 0:00:09]} 22. Ng5+ {[%emt 0:00:10]} Kh8 {[%emt 0:00:08]} 23. Nf7+ {[%emt 0:00:04]} Kh7 {[%emt 0:00:51]} 24. Ng5+ {[%emt 0:00:06]} 1/2-1/2